Katalýza

Bibliographic Details
Main Authors: Reguli, Ján, 1953- (Author), Linkešová, Mária, 1954- (Author), Slanicay, Ján (Author), Adamčík, Vladimír, 1938- (Author)
Format: Software eBook
Language:Slovak
PhysicalDescription:1 elektronický optický disk (CD-ROM) 12 cm
Published: Trnava Trnavská univerzita 2005
ISBN:8080820120 (CDROM)
Subjects:

MARC

LEADER 00000nam a2200000 a 4500
001 vtls008633415
003 SK-MaSNL
005 20260301140925.0
007 co cgu uuua
008 060322s2005 xo fsp 000 0 slo
015 |a SNBS2006 
020 |a 8080820120 (CDROM) 
040 |a SNK  |b slo  |c SNK  |e AACR2 
041 0 |a slo 
044 |a xo  |c SK 
072 7 |a 544  |x Fyzikálna chémia  |2 konspekt 
080 |a 544.47  |2 2001 
080 |a (075.8)  |2 2001 
080 |a (0.034.44)  |2 2001 
245 0 0 |a Katalýza  |h elektronický zdroj  |c Ján Reguli ... [et al.] 
256 |a Elektronické dokumenty 
260 |a Trnava  |b Trnavská univerzita  |c 2005 
300 |a 1 elektronický optický disk (CD-ROM)  |c 12 cm 
650 0 7 |a katalýza  |2 SNKPH  |9 68995 
655 7 |a učebnice vysokých škôl  |2 SNKPH  |9 70191 
655 7 |a CD-ROM  |2 SNKPH  |9 70236 
700 1 |a Reguli, Ján,  |d 1953-  |4 aut  |9 118406 
700 1 |a Linkešová, Mária,  |d 1954-  |4 aut  |9 194313 
700 1 |a Slanicay, Ján  |4 aut  |9 494225 
700 1 |a Adamčík, Vladimír,  |d 1938-  |4 aut  |9 38196 
919 |a 80-8082-012-0 
999 |c 765463  |d 767393 
952 |a SNK  |b SNK  |y PREZ  |7 0  |p 17A0503108  |o snkSCDM 882  |i snk2006/6104  |8 0  |0 0  |1 0  |4 0  |d 2006-03-22  |l 0  |r 2026-02-24 00:17:42  |w 2026-02-24